01016nam a2200265Ia 450000500170000000800410001702000180005810000300007624500890010625000240019530000610021949000650028052100450034565000480039065000480043865000380048665000420052470000220056626400280058833600270061633700330064333800280067604000350070408400110073920220317001641.0161213s2016 ck a g 000 0 spa  a97895888463781 aSchöossow, Peterd1953-10aBebé dodocPeter Schöossow ; traducción de Christiane Reyes y Elodie Bourgeois aEdición especial  a[48] páginas sin numerarbilustraciones a colorc30 cm aPlan Nacional de Lectura y Escritura Leer es mi Cuento. 2016 aRecomendado para niños de 0 a 3 años142LEMBaCuentos infantiles alemanesySiglo XX142LEMBaLiteratura infantil alemanaySiglo XX142LEMBaAventuras en la literatura 142LEMBaLibros ilustrados para niños 1 aReyes, Christiane aBogotábAlianzac2016 atextobtxt2rdacontent asin mediaciónbn2rdamedia avolumenbnc2rdacarrier aCO-BoRNBPbspaerdacCO-BoRNBP aC SCH7